000 00505nam a2200193Ia 4500
005 20250923145517.0
008 008 250917s9999 xx 000 0 eng d
037 _aTextual
040 _aDSWL
_beng
_cDSWL
041 _aeng
_2eng
084 _aY12:41, N79
_qDSWL
245 0 _aChild in third world
260 _aNew Delhi
_bDelhi Peoples Pub. House
_c1979
300 _avii,95p.
365 _aINR
_b6
925 _g6
942 _cTEXL
_hY12:41, N79
999 _c1452241
_d1452241